<?xml version="1.0" encoding="UTF-8"?>
<record
    xmlns:xsi="http://www.w3.org/2001/XMLSchema-instance"
    xsi:schemaLocation="http://www.loc.gov/MARC21/slim http://www.loc.gov/standards/marcxml/schema/MARC21slim.xsd"
    xmlns="http://www.loc.gov/MARC21/slim">

  <leader>02843nam a22002654a 4500</leader>
  <controlfield tag="003">BOLpUSFA</controlfield>
  <controlfield tag="005">20260407143450.0</controlfield>
  <controlfield tag="008">      t        bo     grm    001 | spa||</controlfield>
  <datafield tag="040" ind1=" " ind2=" ">
    <subfield code="a">BOLpUSFA</subfield>
  </datafield>
  <datafield tag="041" ind1=" " ind2=" ">
    <subfield code="a">spa</subfield>
  </datafield>
  <datafield tag="044" ind1=" " ind2=" ">
    <subfield code="a">BO</subfield>
  </datafield>
  <datafield tag="082" ind1=" " ind2=" ">
    <subfield code="a">ICO0042</subfield>
    <subfield code="b">G118ePG</subfield>
  </datafield>
  <datafield tag="100" ind1=" " ind2=" ">
    <subfield code="a">Gabriel L&#xF3;pez, Beymar Mauricio</subfield>
  </datafield>
  <datafield tag="245" ind1=" " ind2=" ">
    <subfield code="a">Estudio de factibilidad para la implementaci&#xF3;n de un servicio de transporte interdepartamental de pasajeros con sede en la Terminal del Municipio de El Alto</subfield>
  </datafield>
  <datafield tag="260" ind1=" " ind2=" ">
    <subfield code="a">El Alto: </subfield>
    <subfield code="b">Universidad Privada San Francisco de As&#xED;s. Carrera de Ingenier&#xED;a Comercial, </subfield>
    <subfield code="c">2025</subfield>
  </datafield>
  <datafield tag="300" ind1=" " ind2=" ">
    <subfield code="a">141 p.</subfield>
  </datafield>
  <datafield tag="502" ind1=" " ind2=" ">
    <subfield code="a">Modalidad: Proyecto de Grado - 
Tutor: Lic. Erick Mois&#xE9;s Marquez Alvarez</subfield>
  </datafield>
  <datafield tag="520" ind1=" " ind2=" ">
    <subfield code="a">El presente estudio de factibilidad eval&#xFA;a la implementaci&#xF3;n de BEYSUR, un 
servicio de transporte interdepartamental moderno, seguro y eficiente con sede en 
la  Terminal  de  Buses  del  municipio  de  El  Alto.  La  investigaci&#xF3;n  se  bas&#xF3;  en  una 
encuesta aplicada a 382 viajeros, an&#xE1;lisis de demanda, proyecciones financieras, 
marco legal y operativo. Los resultados evidencian una demanda sostenida hacia 
destinos del sur del pa&#xED;s, con el 82% de los encuestados realizando al menos un 
viaje anual a ciudades como Tarija. Adem&#xE1;s, el 73% manifest&#xF3; disposici&#xF3;n a utilizar 
un nuevo servicio desde El Alto si cumple con los est&#xE1;ndares de calidad, seguridad 
y puntualidad. La infraestructura actual de la terminal es percibida como deficiente 
por el 85% de los usuarios, lo que subraya la necesidad de mejoras que acompa&#xF1;en 
la puesta en marcha del servicio. 

Desde el punto de vista financiero, el proyecto es viable, con una inversi&#xF3;n 
inicial estimada de Bs. 651.300.-, un per&#xED;odo de recuperaci&#xF3;n de 3,3 a&#xF1;os, una TIR 
del  27%  y  un  VAN  positivo,  lo  que  indica  rentabilidad  atractiva.  El  modelo  de 
ingresos  proyecta  un  crecimiento  anual  del  5.21%  basado  en  la  inflaci&#xF3;n  actual, 
respaldado por una ocupaci&#xF3;n inicial del 100% de la capacidad y una tarifa promedio 
competitiva de 180 bolivianos. Legalmente, la empresa ha cumplido con todos los 
requisitos: constituci&#xF3;n como SRL, obtenci&#xF3;n del NIT, registro en el SEPREC, ATT, 
Ministerio de Trabajo, Gestora Publica, CNS y obtenci&#xF3;n de licencias municipales. 

Se  recomienda  iniciar  con  una  fase  piloto  en  la  ruta  El  Alto  &#x2013;  Tarija, 
implementar un sistema de monitoreo y fidelizaci&#xF3;n, y capacitar permanentemente 
al personal. BEYSUR no solo representa una soluci&#xF3;n de movilidad, sino un agente 
de formalizaci&#xF3;n, desarrollo y mejora de la conectividad nacional. 
</subfield>
  </datafield>
  <datafield tag="650" ind1=" " ind2=" ">
    <subfield code="a">Ingenier&#xED;a Comercial</subfield>
  </datafield>
  <datafield tag="650" ind1=" " ind2=" ">
    <subfield code="a">Proyecto de Grado</subfield>
  </datafield>
  <datafield tag="650" ind1=" " ind2=" ">
    <subfield code="a">Estudio de factibilidad</subfield>
  </datafield>
  <datafield tag="650" ind1=" " ind2=" ">
    <subfield code="a">Transporte interdepartamental</subfield>
  </datafield>
  <datafield tag="651" ind1=" " ind2=" ">
    <subfield code="a">El Alto</subfield>
  </datafield>
  <datafield tag="942" ind1=" " ind2=" ">
    <subfield code="2">ddc</subfield>
    <subfield code="c">TE</subfield>
    <subfield code="z">LLO</subfield>
  </datafield>
  <datafield tag="999" ind1=" " ind2=" ">
    <subfield code="c">9678</subfield>
    <subfield code="d">9678</subfield>
  </datafield>
  <datafield tag="952" ind1=" " ind2=" ">
    <subfield code="0">0</subfield>
    <subfield code="1">0</subfield>
    <subfield code="2">ddc</subfield>
    <subfield code="4">0</subfield>
    <subfield code="7">0</subfield>
    <subfield code="8">2</subfield>
    <subfield code="a">BEA</subfield>
    <subfield code="b">BEA</subfield>
    <subfield code="c">3</subfield>
    <subfield code="d">2026-03-25</subfield>
    <subfield code="e">4</subfield>
    <subfield code="l">0</subfield>
    <subfield code="o">ICO0042 G118ePG</subfield>
    <subfield code="p">BEA01526</subfield>
    <subfield code="r">2026-03-25</subfield>
    <subfield code="w">2026-03-25</subfield>
    <subfield code="y">TE</subfield>
  </datafield>
</record>
